Name all gen 1 Pokémon - Statistics

General Stats
  • This quiz has been taken 1,923 times
  • The average score is 98 of 151
Answer Stats
Type(s) Pokémon name % Correct
Grass / Poison Bulbasaur
98%
Fire / Flying Charizard
97%
Fire Charmander
97%
Fire Charmeleon
96%
Grass / Poison Ivysaur
95%
Water Squirtle
95%
Water Blastoise
94%
Water Wartortle
93%
Bug Caterpie
92%
Electric Pikachu
92%
Bug / Flying Butterfree
91%
Normal / Flying Pidgey
91%
Bug / Poison Beedrill
90%
Normal / Flying Pidgeot
90%
Electric Raichu
90%
Bug / Poison Weedle
90%
Bug Metapod
89%
Grass / Poison Venusaur
89%
Normal / Flying Pidgeotto
88%
Bug / Poison Kakuna
87%
Psychic Mew
86%
Psychic Mewtwo
85%
Rock / Ground Geodude
83%
Dragon / Flying Dragonite
82%
Normal / Flying Spearow
82%
Normal / Flying Fearow
81%
Psychic Abra
80%
Ice / Flying Articuno
80%
Ghost / Poison Gastly
80%
Electric / Flying Zapdos
80%
Poison Ekans
79%
Ghost / Poison Gengar
79%
Fire / Flying Moltres
79%
Normal Rattata
79%
Psychic Alakazam
78%
Dragon Dragonair
78%
Dragon Dratini
78%
Ghost / Poison Haunter
78%
Poison Arbok
77%
Psychic Kadabra
77%
Fighting Machamp
77%
Normal Raticate
77%
Rock / Ground Golem
76%
Rock / Ground Graveler
76%
Fighting Machoke
76%
Poison / Ground Nidoking
76%
Fairy Clefairy
75%
Fighting Machop
75%
Poison / Ground Nidoqueen
75%
Poison Nidoran
75%
Rock / Ground Onix
74%
Fairy Clefable
73%
Normal / Fairy Jigglypuff
73%
Water Magikarp
73%
Fighting Hitmonlee
72%
Poison Nidorina
72%
Poison Nidorino
72%
Normal Eevee
71%
Fighting Hitmonchan
71%
Fire Flareon
69%
Electric Jolteon
69%
Fire Arcanine
68%
Electric / Steel Magnemite
68%
Grass / Poison Oddish
68%
Water Vaporeon
68%
Normal / Fairy Wigglytuff
68%
Ground Dugtrio
67%
Fire Growlithe
67%
Ground Diglett
66%
Grass / Poison Gloom
65%
Fire Vulpix
65%
Water / Flying Gyarados
64%
Electric / Steel Magneton
64%
Poison / Flying Zubat
64%
Poison / Flying Golbat
63%
Ice / Psychic Jynx
63%
Fire Magmar
63%
Water / Ice Lapras
62%
Water / Psychic Starmie
62%
Fire Ponyta
61%
Water Staryu
61%
Grass / Poison Vileplume
61%
Rock / Water Kabuto
60%
Fire Ninetales
60%
Fire Rapidash
60%
Water Psyduck
59%
Ground Sandshrew
59%
Normal Snorlax
59%
Water / Poison Tentacool
59%
Water / Poison Tentacruel
59%
Grass / Poison Bellsprout
58%
Electric Electabuzz
58%
Water Seel
58%
Electric Voltorb
58%
Water Golduck
57%
Rock / Water Kabutops
57%
Normal Meowth
57%
Ground Sandslash
57%
Bug / Poison Venomoth
57%
Rock / Flying Aerodactyl
56%
Water Poliwag
56%
Bug / Poison Venonat
56%
Poison Weezing
56%
Electric Electrode
55%
Poison Koffing
55%
Fighting Mankey
55%
Bug / Grass Paras
55%
Water Poliwhirl
55%
Water / Fighting Poliwrath
55%
Grass / Poison Weepinbell
55%
Water / Ice Dewgong
54%
Poison Muk
54%
Normal Persian
54%
Bug / Flying Scyther
54%
Water Goldeen
53%
Bug / Grass Parasect
53%
Poison Grimer
52%
Psychic / Fairy Mr. Mime
51%
Grass / Poison Victreebel
51%
Psychic Hypno
50%
Rock / Water Omastar
50%
Water Seaking
50%
Rock / Water Omanyte
49%
Fighting Primeape
49%
Ground / Rock Rhydon
48%
Psychic Drowzee
46%
Water / Psychic Slowbro
46%
Water / Psychic Slowpoke
46%
Normal / Flying Doduo
45%
Ground / Rock Rhyhorn
45%
Watee / Ice Cloyster
44%
Normal Kangaskhan
44%
Normal Tauros
44%
Water Horsea
43%
Normal Chansey
42%
Normal Ditto
42%
Normal / Flying Dodrio
42%
Water Seadra
41%
Normal / Flying Farfetch’d
40%
Grass Tangela
40%
Bug Pinsir
39%
Water Shellder
39%
Ground Cubone
35%
Grass / Psychic Exeggutor
35%
Grass / Psychic Exeggcute
34%
Normal Porygon
34%
Ground Marowak
33%
Water Krabby
31%
Water Kingler
29%
Normal Lickitung
26%
No matching quizzes found
Score Distribution
Percent of People with Each Score
Percentile by Number Answered
Your Score History
You have not taken this quiz